Loading...
| Current Events | 1 | 20.00 | 100% | 100% | 0% |
| Fine Arts - Classical Music | 5 | 12.00 | 100% | 20% | 0% |
| Fine Arts - Other Fine Arts | 4 | 10.00 | 75% | 0% | 25% |
| Fine Arts - Painting and Sculpture | 4 | 7.50 | 75% | 0% | 0% |
| Geography | 2 | 10.00 | 100% | 0% | 0% |
| History - American History | 2 | 10.00 | 100% | 0% | 0% |
| History - European History | 3 | 13.33 | 100% | 33% | 0% |
| History - World History | 3 | 10.00 | 100% | 0% | 0% |
| Literature - American Literature | 1 | 10.00 | 100% | 0% | 0% |
| Literature - British Literature | 2 | 10.00 | 100% | 0% | 0% |
| Literature - European Literature | 4 | 5.00 | 50% | 0% | 0% |
| Literature - World Literature | 3 | 16.67 | 100% | 33% | 33% |
| Mythology | 6 | 8.33 | 83% | 0% | 0% |
| Philosophy | 3 | 13.33 | 100% | 33% | 0% |
| Religion | 3 | 20.00 | 100% | 67% | 33% |
| Science - Biology | 5 | 12.00 | 80% | 20% | 20% |
| Science - Chemistry | 4 | 7.50 | 75% | 0% | 0% |
| Science - Other Science | 4 | 7.50 | 50% | 25% | 0% |
| Science - Physics | 5 | 4.00 | 40% | 0% | 0% |
| Social Science | 3 | 10.00 | 100% | 0% | 0% |